[Event "Kurnosov Memorial 2020"]
[Site "?"]
[Date "2020.09.04"]
[Round "1.1"]
[White "Semenova, Elena"]
[Black "Artemiev, Vladislav"]
[Result "0-1"]
[WhiteElo "2117"]
[BlackElo "2769"]
[PlyCount "106"]
[EventDate "2020.??.??"]

1. e4 c5 2. Nf3 e6 3. d4 cxd4 4. Nxd4 Nc6 5. Nc3 a6 6. Nxc6 bxc6 7. Bd3 d5 8.
O-O Nf6 9. Qe2 Be7 10. Na4 Bb7 11. c4 Qa5 12. b3 dxc4 13. Bxc4 Qe5 14. Bb2 Qxe4
15. Qxe4 Nxe4 16. Bxg7 Rg8 17. Bh6 c5 18. f3 Ng5 19. Be2 Rg6 20. Bxg5 Rxg5 21.
Rfd1 Bf6 22. Rac1 Rd8 23. Kf1 Rxd1+ 24. Rxd1 Ke7 25. Bd3 Bd4 26. Nb6 f5 27. Nc4
Rg8 28. Na5 Bd5 29. Bc4 Kd6 30. Bxd5 exd5 31. b4 Rb8 32. bxc5+ Bxc5 33. Nc4+
Ke6 34. Re1+ Kf6 35. Na5 Rb2 36. Nb3 Rf2+ 37. Kg1 Bb6 38. Kh1 Rxa2 39. Rb1 Be3
40. Nc1 Rc2 41. Nd3 a5 42. h4 Rc3 43. Rd1 d4 44. g4 a4 45. Nb4 Rc1 46. Rxc1
Bxc1 47. Kg2 Bd2 48. Na2 d3 49. Kf2 Ke5 50. Kg2 Kf4 51. g5 Be1 52. Kf1 Bxh4 53.
Nb4 Ke3 0-1

[Event "Kurnosov Memorial 2020"]
[Site "?"]
[Date "2020.09.04"]
[Round "1.2"]
[White "Fedoseev, Vladimir"]
[Black "Ruchieva, Natalia"]
[Result "1-0"]
[WhiteElo "2714"]
[BlackElo "2117"]
[PlyCount "28"]
[EventDate "2020.??.??"]

1. d4 d5 2. c4 dxc4 3. e4 e5 4. Nf3 exd4 5. Bxc4 Bb4+ 6. Nbd2 Nc6 7. O-O Qe7 8.
a3 Bxd2 9. Bxd2 Bg4 10. Qb3 O-O-O 11. Ng5 Nh6 12. h3 Bd7 13. Bd5 f6 14. Nf3
Rhe8 1-0

[Event "Kurnosov Memorial 2020"]
[Site "?"]
[Date "2020.09.04"]
[Round "1.3"]
[White "Smirnova, Ekaterina"]
[Black "Ponkratov, Pavel"]
[Result "0-1"]
[WhiteElo "2106"]
[BlackElo "2683"]
[PlyCount "62"]
[EventDate "2020.??.??"]

1. d4 Nf6 2. c4 e6 3. Nf3 c5 4. d5 exd5 5. cxd5 d6 6. Nc3 g6 7. Bf4 Bg7 8. e3
O-O 9. h3 Na6 10. Be2 Nc7 11. O-O a6 12. a4 Rb8 13. a5 b5 14. axb6 Rxb6 15. Ra2
Bb7 16. e4 Rb4 17. Nd2 Nfxd5 18. Nxd5 Bxd5 19. exd5 Rxf4 20. Nc4 Rd4 21. Qc2
Nxd5 22. Qb3 Nf4 23. Re1 Qg5 24. Qf3 Re8 25. b3 d5 26. Ne3 Rde4 27. Kf1 Bc3 28.
Rc1 Bd4 29. Re1 Bxe3 30. fxe3 Rxe3 31. Qf2 Nd3 0-1

[Event "Kurnosov Memorial 2020"]
[Site "?"]
[Date "2020.09.04"]
[Round "1.4"]
[White "Shimanov, Aleksandr"]
[Black "Kuzmin, Roman"]
[Result "1-0"]
[WhiteElo "2678"]
[BlackElo "2100"]
[PlyCount "65"]
[EventDate "2020.??.??"]

1. e4 e5 2. Bc4 Nc6 3. d3 Nf6 4. Nf3 Be7 5. O-O O-O 6. Re1 d6 7. a4 Bg4 8. h3
Bh5 9. c3 d5 10. exd5 Nxd5 11. Nbd2 Nb6 12. Bb5 Bd6 13. a5 Nd5 14. a6 Nce7 15.
axb7 Rb8 16. Rxa7 c6 17. Bc4 f5 18. Qb3 Qc7 19. Ng5 Rf6 20. Ra8 Kh8 21. Rxb8+
Qxb8 22. Nf1 h6 23. Ng3 Bg6 24. Nf3 e4 25. dxe4 Bxg3 26. exd5 cxd5 27. Rxe7
dxc4 28. Qxc4 Bd6 29. Rd7 Kh7 30. Qc8 Rf8 31. Qxb8 Bxb8 32. Be3 Be8 33. Rd8 1-0

[Event "Kurnosov Memorial 2020"]
[Site "?"]
[Date "2020.09.04"]
[Round "1.5"]
[White "Filippova, Darya"]
[Black "Rakhmanov, Aleksandr"]
[Result "0-1"]
[WhiteElo "2098"]
[BlackElo "2665"]
[PlyCount "78"]
[EventDate "2020.??.??"]

1. c4 e5 2. Nc3 Bb4 3. g3 Bxc3 4. bxc3 d6 5. Bg2 Ne7 6. Rb1 Nbc6 7. d3 O-O 8.
e3 b6 9. Ne2 Be6 10. O-O Qd7 11. Ba3 Bh3 12. Qd2 Rad8 13. f4 Bxg2 14. Kxg2 Rfe8
15. Rf2 d5 16. Bxe7 Rxe7 17. f5 f6 18. d4 dxc4 19. Qc2 exd4 20. exd4 Qd5+ 21.
Kg1 Qe4 22. Qxe4 Rxe4 23. Nf4 Ne7 24. g4 Nd5 25. Nxd5 Rxg4+ 26. Kh1 Rxd5 27.
Re1 Kf7 28. Rfe2 Rd7 29. Re6 Rf4 30. Rc6 Rxf5 31. Rxc4 c5 32. dxc5 Rxc5 33. Rh4
Rxc3 34. Rxh7 Rcd3 35. Rg1 Kg8 36. Rh4 Rd1 37. Ra4 Rxg1+ 38. Kxg1 a5 39. Kg2
Rd3 0-1

[Event "Kurnosov Memorial 2020"]
[Site "?"]
[Date "2020.09.04"]
[Round "1.6"]
[White "Matlakov, Maxim"]
[Black "Pingin, Artem"]
[Result "1-0"]
[WhiteElo "2660"]
[BlackElo "2097"]
[PlyCount "75"]
[EventDate "2020.??.??"]

1. Nf3 Nf6 2. c4 e6 3. Nc3 d5 4. e3 Be7 5. b3 O-O 6. Bb2 b6 7. cxd5 Nxd5 8.
Nxd5 Qxd5 9. Bc4 Qd8 10. O-O Bb7 11. d4 Nd7 12. Qe2 a6 13. a4 c5 14. Rfd1 Qb8
15. h3 Rd8 16. Rac1 Bf6 17. Nh2 cxd4 18. Ng4 dxe3 19. Rxd7 Bxb2 20. Rxd8+ Qxd8
21. Qxb2 exf2+ 22. Qxf2 Qg5 23. Rf1 Rf8 24. Qxb6 h5 25. Qxb7 hxg4 26. hxg4 Qxg4
27. Qa7 a5 28. Qxa5 Qd4+ 29. Rf2 Rd8 30. Qh5 g6 31. Qf3 Rd7 32. g3 Qa1+ 33. Kg2
Qd4 34. a5 Ra7 35. a6 Kg7 36. Qf4 Qc3 37. Qd6 Qe3 38. Re2 1-0

[Event "Kurnosov Memorial 2020"]
[Site "?"]
[Date "2020.09.04"]
[Round "1.7"]
[White "Safin, Timur"]
[Black "Kokarev, Dmitry"]
[Result "0-1"]
[WhiteElo "2088"]
[BlackElo "2648"]
[PlyCount "48"]
[EventDate "2020.??.??"]

1. d4 Nf6 2. c4 g6 3. Nc3 Bg7 4. Nf3 O-O 5. g3 d5 6. cxd5 Nxd5 7. Bg2 Nb6 8.
O-O Nc6 9. d5 Na5 10. Nd4 Bd7 11. e4 Rc8 12. Re1 c5 13. Nf3 Nbc4 14. Qd3 b5 15.
b3 Nd6 16. e5 c4 17. bxc4 Ndxc4 18. Rb1 Bf5 19. Ne4 Rc5 20. Qd4 Rxd5 21. Qxa7
Rd1 22. Bg5 Rxb1 23. Bxe7 Rxe1+ 24. Nxe1 Qd1 0-1

[Event "Kurnosov Memorial 2020"]
[Site "?"]
[Date "2020.09.04"]
[Round "1.8"]
[White "Predke, Alexandr"]
[Black "Kavyev, Ruslan"]
[Result "1-0"]
[WhiteElo "2645"]
[BlackElo "2080"]
[PlyCount "62"]
[EventDate "2020.??.??"]

1. d4 Nf6 2. Nf3 g6 3. Nbd2 d5 4. c4 Bg7 5. cxd5 Qxd5 6. e3 c5 7. e4 Qd8 8. d5
O-O 9. Bc4 b5 10. Bxb5 Nxe4 11. Nxe4 Qa5+ 12. Nc3 Bxc3+ 13. bxc3 Qxb5 14. Qb3
Qd3 15. c4 Qe4+ 16. Be3 Bg4 17. O-O Bxf3 18. gxf3 Qxf3 19. Bxc5 Qg4+ 20. Qg3
Qxc4 21. Bxe7 Re8 22. d6 Nc6 23. Rac1 Qa4 24. Bf6 Re4 25. Kh1 Re6 26. Ba1 Rd8
27. Rfd1 Qe4+ 28. f3 Qa4 29. Rd2 Qa5 30. Qf4 Ne5 31. d7 h6 1-0

[Event "Kurnosov Memorial 2020"]
[Site "?"]
[Date "2020.09.04"]
[Round "1.9"]
[White "Chyndygyr, Tamerlan"]
[Black "Sjugirov, Sanan"]
[Result "0-1"]
[WhiteElo "2067"]
[BlackElo "2640"]
[PlyCount "80"]
[EventDate "2020.??.??"]

1. d4 Nf6 2. c4 e6 3. Nc3 Bb4 4. Qc2 d5 5. cxd5 exd5 6. Bg5 h6 7. Bh4 g5 8. Bg3
Nc6 9. e3 h5 10. Be5 Bd7 11. Bd3 Qe7 12. Qb3 O-O-O 13. O-O-O Bxc3 14. Qxc3 Nxe5
15. dxe5 Ng4 16. Qc2 Nxe5 17. Nf3 Nxf3 18. gxf3 Kb8 19. Kb1 Qf6 20. Qe2 c5 21.
Bc2 Bc6 22. e4 Rhe8 23. Rhe1 Qf4 24. Qe3 Qxe3 25. Rxe3 d4 26. Red3 g4 27. Rg1
c4 28. Rd2 gxf3 29. Rg7 d3 30. Bd1 Rxe4 31. Rxf7 Re1 32. Rh7 Rd5 33. Kc1 b5 34.
a3 a5 35. Rf7 b4 36. Rxf3 Ba4 37. Rf8+ Ka7 38. axb4 axb4 39. Rf4 Bb3 40. Rf7+
Kb6 0-1

[Event "Kurnosov Memorial 2020"]
[Site "?"]
[Date "2020.09.04"]
[Round "1.10"]
[White "Demidov, Mikhail"]
[Black "Loskutova, Viktoriya"]
[Result "1-0"]
[WhiteElo "2636"]
[BlackElo "2053"]
[PlyCount "225"]
[EventDate "2020.??.??"]

1. Nf3 d5 2. g3 Nf6 3. Bg2 g6 4. c4 Bg7 5. cxd5 Nxd5 6. Nc3 Nxc3 7. bxc3 O-O 8.
h4 h5 9. Ng5 c5 10. Rb1 Nc6 11. O-O Qc7 12. c4 b6 13. Bb2 Bg4 14. Bxg7 Kxg7 15.
Re1 Rad8 16. d3 Nd4 17. Qd2 f6 18. Nh3 e5 19. Kh2 Be6 20. Qb2 Nf5 21. a4 Rb8
22. Qc3 Nd4 23. Ng1 Bd7 24. e3 Ne6 25. Qc2 Bc6 26. Ra1 Bxg2 27. Kxg2 Rfd8 28.
Qe2 Qc6+ 29. Nf3 Rd7 30. a5 Rbd8 31. axb6 axb6 32. Red1 b5 33. cxb5 Qxb5 34.
Ne1 e4 35. Ra3 Qc6 36. Kg1 exd3 37. Raxd3 Rxd3 38. Rxd3 Qb5 39. Qc2 Rxd3 40.
Nxd3 c4 41. Nb2 Qb3 42. Qxc4 Qxb2 43. Qxe6 Qb1+ 44. Kh2 Qb2 45. Qe7+ Kg8 46.
Kg2 Qc3 47. Qd7 Qb2 48. Qd4 Qb7+ 49. e4 Kg7 50. Qd5 Qc7 51. Qe6 Qc3 52. Qd7+
Kg8 53. Qe7 Qb2 54. Qc5 Kg7 55. Kh3 Qa1 56. Kh2 Qb2 57. Qe3 Kh7 58. Kg2 Kg7 59.
Qf4 Qc3 60. Qb8 Qa1 61. Qb3 Qa8 62. Kf3 Qc6 63. Qa3 Qb7 64. Qc3 Qb8 65. Qc4 Qb2
66. Qc7+ Kg8 67. Qc6 Kg7 68. Qd7+ Kg8 69. g4 Qc3+ 70. Kg2 hxg4 71. Qxg4 Kf7 72.
h5 gxh5 73. Qxh5+ Kg7 74. Qg4+ Kf7 75. Qd7+ Kg6 76. Qg4+ Kf7 77. Qh3 Qb2 78.
Qh7+ Ke6 79. Qc7 Qd4 80. Qf4 Qe5 81. Qg4+ Kf7 82. Qd7+ Kg6 83. Qd3 Kf7 84. Qb3+
Ke7 85. Qd3 Ke6 86. Qf3 Qg5+ 87. Kh3 Qh6+ 88. Kg3 Qd2 89. Qf5+ Ke7 90. Qc5+ Ke6
91. Qc6+ Ke7 92. Qc5+ Ke6 93. Qf5+ Ke7 94. Kg4 Qd1+ 95. Qf3 Qd7+ 96. Kh4 Qd2
97. Qf5 Qh6+ 98. Kg4 Qg7+ 99. Kf3 Qh6 100. Qc5+ Ke6 101. Ke2 Qh2 102. Kd3 Qf4
103. Qe3 Qd6+ 104. Ke2 Qa6+ 105. Qd3 Qa2+ 106. Kf3 Qa5 107. Kg2 Qg5+ 108. Qg3
Qd2 109. Qg4+ Kf7 110. Kg3 Qd3+ 111. f3 Qd2 112. Qh5+ Ke6 113. Qe8+ 1-0

[Event "Kurnosov Memorial 2020"]
[Site "?"]
[Date "2020.09.04"]
[Round "1.11"]
[White "Nasyrova, Ekaterina"]
[Black "Chigaev, Maksim"]
[Result "0-1"]
[WhiteElo "2047"]
[BlackElo "2635"]
[PlyCount "62"]
[EventDate "2020.??.??"]

1. Nf3 Nf6 2. c4 g6 3. g3 Bg7 4. Bg2 O-O 5. O-O d6 6. d4 Nc6 7. Bf4 a6 8. Nc3
Rb8 9. Rc1 h6 10. h3 g5 11. Be3 g4 12. hxg4 Nxg4 13. Nd5 Nxe3 14. Nxe3 e6 15.
Qd2 Ne7 16. Rfd1 f5 17. c5 f4 18. gxf4 Rxf4 19. cxd6 cxd6 20. Nc4 Rg4 21. Qa5
b6 22. Qa3 Nf5 23. Ne3 Nxe3 24. Qxe3 Qd7 25. Kf1 Bb7 26. Bh3 Re4 27. Qc3 Rf8
28. Qc7 Qb5 29. Qc4 Qh5 30. Bxe6+ Kh8 31. d5 Rxc4 0-1

[Event "Kurnosov Memorial 2020"]
[Site "?"]
[Date "2020.09.04"]
[Round "1.12"]
[White "Demchenko, Anton"]
[Black "Sotnikov, Alexander I"]
[Result "1-0"]
[WhiteElo "2631"]
[BlackElo "2044"]
[PlyCount "73"]
[EventDate "2020.??.??"]

1. e4 b6 2. d4 Bb7 3. Bd3 Nf6 4. Qe2 Nc6 5. c3 e5 6. d5 Ne7 7. Nf3 Ng6 8. h4 h5
9. g3 c6 10. dxc6 dxc6 11. Nbd2 b5 12. Nf1 Bc5 13. Be3 Bb6 14. Rd1 Qc7 15. Bxb6
axb6 16. a3 O-O 17. Ne3 Bc8 18. Ng5 Re8 19. O-O Ng4 20. Bc2 Re7 21. Bb3 Nf8 22.
f4 Nxe3 23. Qxe3 Bg4 24. Rd2 Nh7 25. Nxf7 Rxf7 26. fxe5 Raf8 27. Rxf7 Rxf7 28.
Rf2 Qxe5 29. Bxf7+ Kh8 30. Qf4 Qxf4 31. Rxf4 g5 32. Rf2 Kg7 33. e5 gxh4 34.
gxh4 Nf8 35. Be8 c5 36. Rf7+ Kg8 37. Rb7 1-0

[Event "Kurnosov Memorial 2020"]
[Site "?"]
[Date "2020.09.04"]
[Round "2.1"]
[White "Artemiev, Vladislav"]
[Black "Kalegin, Evgenij"]
[Result "1-0"]
[WhiteElo "2769"]
[BlackElo "2433"]
[PlyCount "57"]
[EventDate "2020.??.??"]

1. c4 e5 2. d3 d6 3. g3 g6 4. Bg2 Bg7 5. Nc3 Nc6 6. e4 Nd4 7. Nge2 Nxe2 8. Qxe2
Ne7 9. Bg5 f6 10. Be3 O-O 11. O-O Nc6 12. Qd2 Nd4 13. Bxd4 exd4 14. Ne2 f5 15.
exf5 Rxf5 16. b4 c6 17. a4 a5 18. b5 Rc5 19. Rab1 cxb5 20. Rxb5 Rb8 21. Re1 b6
22. Bd5+ Kh8 23. Nf4 Bd7 24. Ne6 Bxe6 25. Rxe6 Qf8 26. Rb1 Rc7 27. Qe2 Rf7 28.
Re1 Bf6 29. Re8 1-0

[Event "Kurnosov Memorial 2020"]
[Site "?"]
[Date "2020.09.04"]
[Round "2.2"]
[White "Gleizerov, Evgeny"]
[Black "Fedoseev, Vladimir"]
[Result "1-0"]
[WhiteElo "2440"]
[BlackElo "2714"]
[PlyCount "53"]
[EventDate "2020.??.??"]

1. d4 Nf6 2. c4 g6 3. Nc3 d5 4. cxd5 Nxd5 5. Bd2 Bg7 6. e4 Nxc3 7. Bxc3 O-O 8.
Bc4 Qd6 9. Ne2 a6 10. O-O b5 11. Bd5 c6 12. Bb3 Nd7 13. e5 Qb8 14. Qd2 e6 15.
Bb4 c5 16. dxc5 Nxe5 17. c6 Nxc6 18. Bxf8 Kxf8 19. Rac1 Bb7 20. Rfd1 Be5 21.
Qh6+ Kg8 22. Bxe6 Bxb2 23. Bxf7+ Kxf7 24. Qxh7+ Kf6 25. Qh4+ Kf7 26. Rd7+ Ke8
27. Qh7 1-0

[Event "Kurnosov Memorial 2020"]
[Site "?"]
[Date "2020.09.04"]
[Round "2.3"]
[White "Ponkratov, Pavel"]
[Black "Savitskiy, Sergey"]
[Result "1/2-1/2"]
[WhiteElo "2683"]
[BlackElo "2416"]
[PlyCount "75"]
[EventDate "2020.??.??"]

1. d4 Nf6 2. c4 g6 3. Nc3 Bg7 4. e4 d6 5. Nf3 O-O 6. Be2 e5 7. O-O Na6 8. Re1
c6 9. d5 c5 10. a3 Bd7 11. Rb1 Ne8 12. b4 f5 13. Ng5 Nf6 14. b5 Nc7 15. b6 axb6
16. Rxb6 h6 17. Nf3 fxe4 18. Nd2 e3 19. fxe3 Ncxd5 20. Nxd5 Nxd5 21. Rxd6 Nxe3
22. Qb3 Nf5 23. Rxg6 Be8 24. Rg4 Bh5 25. Rxg7+ Nxg7 26. Bxh5 Nxh5 27. Nf3 Qf6
28. Rxe5 Nf4 29. Qc2 Ra6 30. Rxc5 Re6 31. Rc7 Qg6 32. Qxg6+ Rxg6 33. Bxf4 Rxf4
34. Kf2 Rc6 35. Rxb7 Rcxc4 36. Rb3 Rc2+ 37. Kg3 Ra4 38. Rb8+ 1/2-1/2

[Event "Kurnosov Memorial 2020"]
[Site "?"]
[Date "2020.09.04"]
[Round "2.4"]
[White "Gunina, Valentina"]
[Black "Shimanov, Aleksandr"]
[Result "0-1"]
[WhiteElo "2427"]
[BlackElo "2678"]
[PlyCount "84"]
[EventDate "2020.??.??"]

1. d4 Nf6 2. c4 e6 3. Nf3 d5 4. Nc3 c6 5. e3 a6 6. b3 Bb4 7. Bd2 Nbd7 8. Qc2
O-O 9. Bd3 Qe7 10. O-O e5 11. dxe5 Nxe5 12. Nxe5 Qxe5 13. cxd5 cxd5 14. Ne2 Bd6
15. Ng3 Qg5 16. Bc3 Ng4 17. Bxh7+ Kh8 18. Bd3 Qh6 19. h3 Nxe3 20. fxe3 Bxg3 21.
Rf3 Bd6 22. Raf1 Be6 23. Qf2 Kg8 24. Bd4 Rac8 25. e4 dxe4 26. Bxe4 Rc7 27. Be3
Qh5 28. Bf5 Bxf5 29. Rxf5 Qg6 30. Rg5 Qe6 31. Bd4 f6 32. Rh5 Qe4 33. Re1 Qf4
34. Qxf4 Bxf4 35. Rd5 Bg3 36. Bf2 Be5 37. a4 Rfc8 38. Red1 Kf7 39. Bb6 Rc1 40.
Kf2 Ke6 41. R1d2 R8c3 42. b4 Bg3+ 0-1

[Event "Kurnosov Memorial 2020"]
[Site "?"]
[Date "2020.09.04"]
[Round "2.5"]
[White "Rakhmanov, Aleksandr"]
[Black "Gutenev, Alexander"]
[Result "1/2-1/2"]
[WhiteElo "2665"]
[BlackElo "2410"]
[PlyCount "124"]
[EventDate "2020.??.??"]

1. d4 Nf6 2. c4 g6 3. Nc3 d5 4. Nf3 Bg7 5. cxd5 Nxd5 6. Qa4+ c6 7. e4 Nxc3 8.
bxc3 O-O 9. Be3 c5 10. Rc1 b6 11. Be2 Bb7 12. d5 Qd7 13. Qb3 e6 14. dxe6 Qxe6
15. Qxe6 fxe6 16. Ng5 Re8 17. Bc4 Bc8 18. O-O h6 19. Nh3 Ba6 20. Bxa6 Nxa6 21.
f4 Rad8 22. Nf2 Nc7 23. c4 Bd4 24. Rfe1 Rf8 25. Nd3 Kg7 26. g3 Ne8 27. e5 g5
28. Kg2 Kg6 29. Kf3 Ng7 30. Red1 Bxe3 31. Kxe3 Nf5+ 32. Ke2 Rd4 33. fxg5 hxg5
34. Nf2 Rh8 35. Rh1 Ne7 36. h3 Nc6 37. Ng4 Rhd8 38. Rhf1 Re4+ 39. Kf3 Rdd4 40.
Rfd1 Nxe5+ 41. Nxe5+ Rxe5 42. a4 Ree4 43. a5 bxa5 44. Rxd4 Rxd4 45. Ra1 Rxc4
46. Rxa5 Kf5 47. Rxa7 Rc3+ 48. Kg2 c4 49. Rf7+ Ke4 50. h4 gxh4 51. gxh4 Rc2+
52. Kg3 Rc1 53. Rc7 e5 54. h5 Kd3 55. Rd7+ Ke3 56. Rc7 Rh1 57. Rxc4 Rxh5 58.
Rc3+ Kd2 59. Rc5 Kd3 60. Ra5 Rg5+ 61. Kf2 Rf5+ 62. Ke1 Ke4 1/2-1/2

[Event "Kurnosov Memorial 2020"]
[Site "?"]
[Date "2020.09.04"]
[Round "2.6"]
[White "Balashov, Yuri S"]
[Black "Matlakov, Maxim"]
[Result "0-1"]
[WhiteElo "2412"]
[BlackElo "2660"]
[PlyCount "112"]
[EventDate "2020.??.??"]

1. Nf3 d5 2. d4 Nf6 3. c4 e6 4. Nc3 c6 5. e3 Nbd7 6. Be2 Bd6 7. O-O O-O 8. b3
b6 9. Bb2 Bb7 10. Qc2 Qe7 11. Rad1 Rfe8 12. e4 Nxe4 13. Nxe4 dxe4 14. Qxe4 Rad8
15. Bd3 Nf8 16. Qg4 f6 17. Rfe1 Qf7 18. h4 c5 19. dxc5 Bxc5 20. h5 Rd7 21. Bc2
Red8 22. Rxd7 Rxd7 23. h6 g6 24. Bc3 a5 25. Nd2 e5 26. Bf5 Rd8 27. Qg3 Bb4 28.
Ne4 Kh8 29. Bg4 Bxe4 30. Rxe4 Bxc3 31. Qxc3 Ne6 32. Bxe6 Qxe6 33. Re2 Qd6 34.
Qe3 Kg8 35. g3 Kf7 36. Kg2 Qc6+ 37. f3 Qd6 38. f4 Qc6+ 39. Qf3 Qxf3+ 40. Kxf3
exf4 41. gxf4 Rd1 42. Rc2 g5 43. fxg5 fxg5 44. c5 bxc5 45. Rxc5 Kg6 46. Rxa5
Kxh6 47. b4 Rb1 48. a3 Kh5 49. Ra7 h6 50. Ra6 g4+ 51. Kg3 Rb3+ 52. Kg2 Kg5 53.
Ra5+ Kh4 54. Ra6 h5 55. Ra5 g3 56. Rc5 Rb2+ 0-1

[Event "Kurnosov Memorial 2020"]
[Site "?"]
[Date "2020.09.04"]
[Round "2.7"]
[White "Kokarev, Dmitry"]
[Black "Kardashevskiy, Evgeny"]
[Result "1-0"]
[WhiteElo "2648"]
[BlackElo "2372"]
[PlyCount "99"]
[EventDate "2020.??.??"]

1. e4 c5 2. Nf3 Nc6 3. d4 cxd4 4. Nxd4 Nf6 5. Nc3 e5 6. Ndb5 d6 7. Bg5 a6 8.
Na3 b5 9. Nd5 Be7 10. Bxf6 Bxf6 11. c3 O-O 12. Nc2 Rb8 13. a3 Bg5 14. Be2 a5
15. O-O Ne7 16. Nce3 Bxe3 17. Nxe3 Be6 18. Bg4 Qc7 19. Bxe6 fxe6 20. Qg4 Rf6
21. Rad1 b4 22. cxb4 axb4 23. Rc1 Qa7 24. Qd1 Qd4 25. Rc4 Qxd1 26. Rxd1 bxa3
27. bxa3 d5 28. Rc7 Ng6 29. exd5 exd5 30. Rxd5 Rb1+ 31. Rd1 Rxd1+ 32. Nxd1 Ra6
33. Rc3 Kf7 34. Ne3 Ke6 35. g3 Ne7 36. Kg2 g6 37. h4 Nd5 38. Nxd5 Kxd5 39. Kf3
Ra4 40. Ke3 h5 41. Kd2 Ke4 42. Kc2 Ra8 43. f3+ Kd4 44. Rd3+ Kc4 45. Kd2 Ra7 46.
Ke3 Ra8 47. Ke4 Ra5 48. Rd6 Rxa3 49. Rxg6 Kc5 50. Re6 1-0

[Event "Kurnosov Memorial 2020"]
[Site "?"]
[Date "2020.09.04"]
[Round "2.8"]
[White "Shuvalova, Polina"]
[Black "Predke, Alexandr"]
[Result "0-1"]
[WhiteElo "2379"]
[BlackElo "2645"]
[PlyCount "42"]
[EventDate "2020.??.??"]

1. e4 c6 2. d4 d5 3. exd5 cxd5 4. Bd3 Nc6 5. c3 Nf6 6. h3 e5 7. dxe5 Nxe5 8.
Nf3 Nxd3+ 9. Qxd3 Bd6 10. O-O O-O 11. Be3 Ne4 12. Rd1 Qe7 13. Nbd2 Rd8 14. Nb3
Bf5 15. Qf1 a6 16. Nbd4 Bg6 17. Ne2 Bh5 18. g4 Bg6 19. Nf4 Bxf4 20. Bxf4 Qf6
21. Bc7 Rd7 0-1

[Event "Kurnosov Memorial 2020"]
[Site "?"]
[Date "2020.09.04"]
[Round "2.9"]
[White "Sjugirov, Sanan"]
[Black "Maltsevskaya, Aleksandra"]
[Result "1-0"]
[WhiteElo "2640"]
[BlackElo "2361"]
[PlyCount "41"]
[EventDate "2020.??.??"]

1. e4 c6 2. d4 d5 3. e5 Bf5 4. Nd2 e6 5. Nb3 c5 6. dxc5 Bxc5 7. Bb5+ Nc6 8. a4
Qb6 9. Nxc5 Qxc5 10. c3 O-O-O 11. Nf3 d4 12. Bxc6 dxc3 13. Bxb7+ Kc7 14. Qb3 c2
15. Be3 Qa5+ 16. Bd2 Qb6 17. Qxb6+ Kxb6 18. Ng5 Kxb7 19. Nxf7 Ne7 20. Bg5 Rc8
21. Nxh8 1-0

[Event "Kurnosov Memorial 2020"]
[Site "?"]
[Date "2020.09.04"]
[Round "2.10"]
[White "Makarian, Rudik"]
[Black "Demidov, Mikhail"]
[Result "0-1"]
[WhiteElo "2369"]
[BlackElo "2636"]
[PlyCount "40"]
[EventDate "2020.??.??"]

1. d4 g6 2. c4 Bg7 3. e4 Nc6 4. d5 Nd4 5. Nc3 c5 6. Be3 e5 7. dxe6 dxe6 8. Nf3
Ne7 9. Be2 O-O 10. h4 Nec6 11. h5 b6 12. Qc1 Nb4 13. Nxd4 cxd4 14. Bh6 dxc3 15.
bxc3 Nd3+ 16. Bxd3 Qxd3 17. Bxg7 Qxe4+ 18. Kf1 Kxg7 19. hxg6 Qxg6 20. Rh3 Kh8
0-1

[Event "Kurnosov Memorial 2020"]
[Site "?"]
[Date "2020.09.04"]
[Round "2.11"]
[White "Chigaev, Maksim"]
[Black "Sergeyev, Alexander"]
[Result "1-0"]
[WhiteElo "2635"]
[BlackElo "2349"]
[PlyCount "84"]
[EventDate "2020.??.??"]

1. e4 e5 2. Nf3 Nf6 3. Nxe5 d6 4. Nf3 Nxe4 5. d3 Nf6 6. d4 Be7 7. Bd3 O-O 8.
O-O c5 9. Re1 Nc6 10. h3 Nb4 11. Bf1 Bf5 12. Na3 d5 13. c3 Nc6 14. dxc5 Bxc5
15. Nb5 Qb6 16. Be3 Bxe3 17. Rxe3 Be4 18. Qb3 Rad8 19. Nbd4 Bxf3 20. Qxb6 axb6
21. Nxf3 Rfe8 22. Rxe8+ Rxe8 23. Rd1 Kf8 24. a3 h6 25. Bb5 Re6 26. Kf1 g6 27.
g4 Re4 28. Bd3 Re6 29. Bc2 Ke7 30. Bb3 Na5 31. Bxd5 Nxd5 32. Rxd5 Nc4 33. Rb5
Rf6 34. Ke2 Kd7 35. Rb4 Na5 36. Ne5+ Kc7 37. Nd3 Re6+ 38. Kd2 Rd6 39. Rf4 f6
40. Re4 b5 41. Kc2 Nc4 42. a4 Nb6 1-0

[Event "Kurnosov Memorial 2020"]
[Site "?"]
[Date "2020.09.04"]
[Round "2.12"]
[White "Voit, Daria"]
[Black "Demchenko, Anton"]
[Result "0-1"]
[WhiteElo "2361"]
[BlackElo "2631"]
[PlyCount "132"]
[EventDate "2020.??.??"]

1. d4 Nf6 2. c4 g6 3. g3 Bg7 4. Bg2 O-O 5. Nc3 d6 6. Nf3 Nbd7 7. O-O e5 8. h3
Re8 9. e4 exd4 10. Nxd4 Nc5 11. Re1 Bd7 12. Bf4 h6 13. Nb3 Ne6 14. Be3 Ng5 15.
Bxg5 hxg5 16. Nd4 g4 17. h4 Nh5 18. Qd3 Be5 19. b4 a6 20. Rab1 c6 21. a4 Qf6
22. Nde2 a5 23. b5 Red8 24. bxc6 bxc6 25. Rb6 Ng7 26. Reb1 Ne6 27. Nd1 Nc5 28.
Qc2 Na6 29. R6b3 Nb4 30. Qd2 Be6 31. Ne3 Na6 32. Rb6 Nb4 33. Nc2 c5 34. Na3 Rd7
35. Rc1 Kg7 36. Nc3 Rh8 37. Nd5 Qd8 38. Rb5 Ra7 39. Nb6 Ra6 40. Nd5 Bd7 41. Bf1
Rh5 42. Rd1 Ra7 43. Nf4 Rh8 44. Nd3 Bxb5 45. cxb5 Qf6 46. Be2 Bd4 47. Nf4 Rxh4
48. gxh4 Qxh4 49. Bxg4 Qxg4+ 50. Ng2 Qf3 51. Nc4 Bxf2+ 52. Qxf2 Qxd1+ 53. Kh2
Ra8 54. Qb2+ f6 55. Qd2 Qxd2 56. Nxd2 d5 57. Nf4 c4 58. exd5 c3 59. Nb3 Kf7 60.
Kg2 g5 61. Ne2 Nxd5 62. Kf3 f5 63. Ned4 g4+ 64. Kg3 Kf6 65. Nc5 Rc8 66. b6 Nxb6
0-1

[Event "Kurnosov Memorial 2020"]
[Site "?"]
[Date "2020.09.04"]
[Round "3.1"]
[White "Savchenko, Boris"]
[Black "Artemiev, Vladislav"]
[Result "1/2-1/2"]
[WhiteElo "2552"]
[BlackElo "2769"]
[PlyCount "152"]
[EventDate "2020.??.??"]

1. e4 e5 2. Nf3 Nc6 3. Bc4 Be7 4. O-O Nf6 5. d4 d6 6. d5 Nb8 7. Bd3 Bg4 8. c4
O-O 9. Be3 a5 10. a3 Na6 11. Nc3 Nd7 12. h3 Bxf3 13. Qxf3 Nac5 14. Bc2 a4 15.
Qd1 Nb6 16. Bxc5 dxc5 17. Nxa4 Nxc4 18. b3 Nd6 19. Nxc5 Nb5 20. b4 Bxc5 21.
bxc5 Qe7 22. Bd3 Nd4 23. Qb1 Qxc5 24. Rc1 Qd6 25. Qxb7 Rxa3 26. Bf1 Rxa1 27.
Rxa1 Qc5 28. Qb2 f5 29. Rc1 Qe7 30. exf5 Nxf5 31. Qb7 Qf6 32. Rxc7 e4 33. Qc6
e3 34. Qxf6 Rxf6 35. Bd3 Kf8 36. Rc6 exf2+ 37. Kxf2 Nd6+ 38. Ke3 h6 39. Kd4 Ke7
40. Rc7+ Kf8 41. Kc5 Nf7 42. Bb5 Nd6 43. Bd7 Ne4+ 44. Kd4 Nd6 45. Bc6 Rf2 46.
Rd7 Rd2+ 47. Kc5 Ne4+ 48. Kb6 Nf6 49. Rd8+ Kf7 50. d6 Ke6 51. d7 Kd6 52. Rg8
Rb2+ 53. Ka5 Nxd7 54. Bb5 Rxg2 55. Rd8 Ra2+ 56. Ba4 Ke6 57. Kb4 Ne5 58. Bb3+
Ke7 59. Bxa2 Kxd8 60. Kc5 Nd3+ 61. Kd6 Ke8 62. Be6 Nf4 63. Bf5 Kf7 64. Ke5 Ng6+
65. Ke4 Kf6 66. Bd7 Kg5 67. Bc8 Kh4 68. Kf3 Ne5+ 69. Kf2 g5 70. Kg2 Nc4 71. Bd7
Ne3+ 72. Kh2 Nd5 73. Kg2 Nf6 74. Be6 Ne8 75. Bg4 Nd6 76. Kh2 h5 1/2-1/2

[Event "Kurnosov Memorial 2020"]
[Site "?"]
[Date "2020.09.04"]
[Round "3.2"]
[White "Shimanov, Aleksandr"]
[Black "Aleksandrov, Aleksej"]
[Result "1-0"]
[WhiteElo "2678"]
[BlackElo "2549"]
[PlyCount "55"]
[EventDate "2020.??.??"]

1. d4 Nf6 2. Bf4 e6 3. e3 b6 4. Qf3 d5 5. Nc3 Bb7 6. O-O-O Bb4 7. Nge2 a6 8. g4
Bd6 9. g5 Nfd7 10. Qg3 Qe7 11. Bg2 Nc6 12. e4 dxe4 13. d5 Nb4 14. dxe6 Qxe6 15.
Bxd6 cxd6 16. Rxd6 Nxa2+ 17. Kb1 Nxc3+ 18. Nxc3 Qe7 19. Re1 Nc5 20. Rxb6 O-O
21. h4 Rab8 22. h5 Nd7 23. Rb3 Nc5 24. Rb6 Nd7 25. Qd6 Qxg5 26. Qxd7 Bc8 27.
Qd5 Rxb6 28. Qxg5 1-0

[Event "Kurnosov Memorial 2020"]
[Site "?"]
[Date "2020.09.04"]
[Round "3.3"]
[White "Matlakov, Maxim"]
[Black "Zakhartsov, Vladimir"]
[Result "0-1"]
[WhiteElo "2660"]
[BlackElo "2517"]
[PlyCount "82"]
[EventDate "2020.??.??"]

1. d4 Nf6 2. Nf3 g6 3. g3 d5 4. Bg2 Bg7 5. O-O O-O 6. c4 dxc4 7. Na3 c3 8. bxc3
c5 9. Ne5 Nd5 10. Bd2 Nc6 11. Nac4 cxd4 12. Nxc6 bxc6 13. cxd4 Bxd4 14. Rc1 Nb6
15. Na5 Bd7 16. Bh6 Bg7 17. Bxg7 Kxg7 18. Qd4+ Kg8 19. Rfd1 Rc8 20. Qc5 Nd5 21.
e4 Nb6 22. Rd2 Re8 23. Rcd1 Qc7 24. h4 h5 25. Rd4 Bg4 26. Rc1 Nd7 27. Qc3 c5
28. Rd2 Nb6 29. Nb3 c4 30. Nd4 Red8 31. Rdc2 Qc5 32. Nb3 cxb3 33. Qxc5 bxc2 34.
Qg5 Rd1+ 35. Kh2 Rxc1 36. Qxc1 Be2 37. e5 Bd3 38. Bh3 e6 39. g4 hxg4 40. Bxg4
Rc4 41. Kg3 Nd7 0-1